000 00303cam a22001217a 4500
008 180718b1975 xxu||||| |||| 00| 0 eng d
082 _aBA27x5411 G961
100 _aGurdon, P.R.T.
245 _aKhasis
_cby P.R.T. Gurdon
260 _aDelhi
_bCosmo Pub.
_c1975
300 _a227p.
650 _aKhasi tribe.
999 _c345427
_d345427